| 000 | 00865cam a2200181 4500 | ||
|---|---|---|---|
| 001 | WB3901-28 | ||
| 008 | 030107n2003 000 0 eng u | ||
| 035 | _a(Sirsi) u120949 | ||
| 245 | _aNew Prince2 publication | ||
| 260 | _c2003 | ||
| 490 |
_aRICS Project Management Faculty News _v2 January 2003, (1) |
||
| 520 | _aNew Office of Government Commerce (OGC) endorsed guidance using the PRINCE2 methodology has been published to help project managers plan for and deal with 'people issues' that can arise in projects. Further information about "People issues and PRINCE2" available at www.tso.co.uk/bookshop/bookstore.asp?FO=38383&Action=Book&ProductID=0113308965 PRINCE2 website at www.ogc.gov.uk/prince/ | ||
| 590 | _aWB | ||
| 650 | _aPROJECTS IN CONTROLLED ENVIRONMENTS | ||
| 650 | _aPROJECT MANAGERS | ||
| 690 |
_aProject management _96261 |
||
| 942 | _n0 | ||
| 999 |
_c71898 _d71898 |
||